Lesotho... or Eswatini? - Statistics

General Stats
  • This quiz has been taken 101 times
    100 since last reset
  • The average score is 11 of 15
Answer Stats
Question Answer % Correct
Changed their name in 2018. Eswatini
93%
Has Maseru as their capital. Lesotho
93%
Touches an ocean Neither
93%
Is more northern. Eswatini
87%
Has a higher elevation. Lesotho
87%
Was colonized by the UK. Both
80%
Has the larger area. Lesotho
80%
Was colonized by Spain. Neither
80%
If you cross the western border you will end up in South Africa. Both
73%
Has a higher GDP. Eswatini
73%
Is landlocked inside South Africa. Lesotho
73%
Has English as one of their official languages. Both
60%
Has two capitals. Eswatini
47%
Is smaller than Rwanda. Eswatini
33%
Has four colors on their flag. Lesotho
33%
No matching quizzes found
Score Distribution
Percent of People with Each Score
Percentile by Number Answered
Your Score History
You have not taken this quiz since the last reset